| 000 | 00959cam a22002775a 4500 | ||
|---|---|---|---|
| 001 | 17776958 | ||
| 005 | 20151028114533.0 | ||
| 008 | 130612t2014 moua frbd 001 0 eng d | ||
| 020 | _a9780323100861 (alk. paper) | ||
| 040 |
_aDNLM/DLC _beng _cDLC _dDLC _dEG-ScBUE |
||
| 082 | 0 | 4 |
_a610.73072 _bLOB _222 |
| 100 | 1 |
_aLoBiondo-Wood, Geri. _938307 |
|
| 245 | 1 | 0 |
_aNursing research : _bmethods and critical appraisal for evidence-based practice / _cGeri LoBiondo-Wood, Judith Haber. |
| 250 | _a8th ed. | ||
| 260 |
_aMissouri : _bElsevier / Mosby, _cc.2014. |
||
| 300 |
_axvii, 598 p. : _bill. ; _c24 cm. |
||
| 500 | _aIndex : p. 585-598. | ||
| 500 | _aGlossary : p. 575-584. | ||
| 504 | _aIncludes bibliographical references. | ||
| 650 | 7 |
_aNursing Research _xmethods. _2BUEsh _936303 |
|
| 650 | 0 |
_aNursing _xResearch. _2BUEsh |
|
| 651 | _2BUEsh | ||
| 653 |
_bNNUR _cJune2015 _cAugust2015 _cOctober2015 |
||
| 700 | 1 | _aHaber, Judith. | |
| 942 |
_2ddc _k610.73072 LOB |
||
| 999 |
_c19833 _d19805 |
||